000 01245cam a22003374a 4500
001 8635216
005 20150713144852.0
008 070215s2007 kyua b 000 0 eng
010 _a 2007006718
020 _a9781853118036
024 _a99942917056
035 _a(DLC) 2007006718
035 _a(OCoLC)85444023
035 _a(NNC)8635216
040 _aDLC
_cDLC
_dBAKER
_dBTCTA
_dYDXCP
_dC#P
_dITC
050 0 0 _aBT77
_b.W575 2007
082 0 0 _a230
_222
100 1 _aWilliams, Rowan,
_d1950-
_918012
245 1 0 _aTokens of trust :
_ban introduction to Christian belief /
_cRowan Williams.
260 _aLouisville :
_bWestminster John Knox Press,
_cc2007.
300 _axiii, 159, [1] p. :
_bcol. ill. ;
_c21 cm.
504 _aIncludes bibliographical references (p. [160]).
505 0 0 _tWho can we trust? --
_tThe risk of love --
_tA man for all seasons --
_tThe peace dividend --
_tGod in company --
_tLove, actually.
650 0 _aTheology, Doctrinal
_vPopular works.
_98923
650 0 _aTrust in God.
_918013
650 0 _aBelief and doubt.
_918014
856 4 1 _3Table of contents only
_uhttp://www.loc.gov/catdir/toc/ecip0711/2007006718.html
942 _2lcc
_cMONOGRAPH
948 1 _a20110914
_bc
_crad1
_dMPS
999 _c122890
_d122890